000 00885nam a2200253 a 4500
001 71020
003 BD-RjUL
005 20211209082053.0
008 160423s1969 bg ||||| |||| 00| 0 ben d
020 _c: Tk.04.50
035 _a(BD-RjUL)71234
040 _aBD-RjUL
_bben
_cBD-RjUL
_dBD-RjUL
041 _aben
082 _223
_a504
_bALA 1969
100 1 _aআল-মুতী, আবদুল্লাহ
_9122895
245 1 0 _aআবিষ্কারের নেশায় /
_cআবদুল্লাহ আল-মুতী
260 _aঢাকা :
_bবইঘর,
_c১৯৬৯
300 _a১২১ পৃ. :
_bচিত্র. ;
_c২১ সেমি.
650 _aবিজ্ঞান
_9147364
650 _aবিজ্ঞান ও সভ্যতা
_9146970
650 _aScience
_9147365
650 _aScience and civilization.
_9146971
942 _2ddc
_cBK
999 _c71020
_d71020